Sri Lankan journal of Management-Vol. 1 no. 3 (July - September 1996) (Record no. 4813)

MARC details
000 -LEADER
fixed length control field 00324nam a2200109 4500
008 - FIXED-LENGTH DATA ELEMENTS--GENERAL INFORMATION
fixed length control field 240223b |||||||| |||| 00| 0 eng d
022 ## - INTERNATIONAL STANDARD SERIAL NUMBER
ISSN 13911503
942 ## - ADDED ENTRY ELEMENTS (KOHA)
Item Type Periodicals
245 ## - TITLE STATEMENT
Title Sri Lankan journal of Management-Vol. 1 no. 3 (July - September 1996)
260 ## - PUBLICATION, DISTRIBUTION, ETC. (IMPRINT)
Place of Publication Colombo :
Name of Publisher Postgraduate of Management,
Date of Copyright 1996
650 ## - SUBJECT ADDED ENTRY--TOPICAL TERM
Topical Term MANAGEMENT
Holdings
Withdrawn status Lost status Source of classification or shelving scheme Damaged status Not for loan Permanent location Current location Date acquired Total Checkouts Barcode Date last seen Price effective from Koha item type
    Dewey Decimal Classification     Resource center, Muslim Women's Research And Action Forum Resource center, Muslim Women's Research And Action Forum 2024-02-23   RAF5105 2024-02-23 2024-02-23 Periodicals

Copyright © 2023 Muslim Women's Research and Action Forum (MWRAF), No 27/3, Anderson Road, Kalubowila, Dehiwela. Funded by The Asia Fundation